| 000 | 00362nam a2200133Ia 4500 | ||
|---|---|---|---|
| 008 | 240126s9999 xx 000 0 und d | ||
| 041 | _aEnglish | ||
| 082 | _aTSCS23-20 | ||
| 100 | _aAnuradha K. | ||
| 245 | 0 |
_aModeling and analysis of demand side management _bDr. Vamsi Krishna Tumuluru |
|
| 260 |
_bPES University _aBangalore |
||
| 440 | _aNULL | ||
| 942 | _cTS | ||
| 999 |
_c295775 _d295775 |
||